| 000 | 01307nam a2200397 a 4500 | ||
|---|---|---|---|
| 001 | 000108919 | ||
| 003 | CHAP | ||
| 005 | 20220329144030.0 | ||
| 008 | 140320s2013 it adj |r| ||||||eng d | ||
| 010 | _a105381 | ||
| 011 | _a106353 | ||
| 020 | _a9789251076415 | ||
| 040 | _cCHAP | ||
| 082 | 0 | 4 |
_a633.682 _bF21y |
| 245 | 1 | 0 |
_aSave and grow : _bcassava. A guide to sustainable production intensification / _cpor Reinhardt Howeler, NeBambi Lutaladio y Graeme Thomas. |
| 260 |
_aRoma : _bFAO, _c2013. |
||
| 300 |
_a129 p. : _bil., fiagrs., tabs. |
||
| 590 |
_aE5995AHE _b05 _c20140320 _lUCH01 _h0959 |
||
| 590 |
_aE5995AHE _b05 _c20140320 _lUCH01 _h1304 |
||
| 590 |
_aE5995AHE _b05 _c20140812 _lUCH01 _h1043 |
||
| 590 |
_aE5995AHE _b05 _c20140812 _lUCH01 _h1052 |
||
| 590 |
_aE5995AHE _b05 _c20140812 _lUCH01 _h1109 |
||
| 650 |
_aYuca _9123269 |
||
| 650 | 4 |
_aAgricultura _xPaíses subdesarrollados. _91760 |
|
| 650 | 4 |
_aCultivos _xVariedades. _930332 |
|
| 650 | 4 |
_aOrdenación de aguas. _983422 |
|
| 650 | 4 |
_aPlantas _xNutrición. _988874 |
|
| 650 | 4 |
_aProducción vegetal. _9125387 |
|
| 650 | 4 |
_aYuca _xEnfermedades. _9123283 |
|
| 700 | 0 |
_aHoweler, Reinhardt H. _956503 |
|
| 700 | 0 |
_aThomas, Graham Stuart. _9112828 |
|
| 700 | 1 |
_aLutaladio, NeBambi. _969197 |
|
| 901 | _aBK | ||
| 942 | _cLIBRO | ||
| 942 | _n0 | ||
| 999 |
_c105381 _d105381 |
||